00538 a2200169 4500003000500000005001700005040000900022082001400031245005300045260001300098300000900111505006200120650003200182942001200214999001900226952012300245Nust20221014130133.0 cNust a604.2,REA aThe Reading of Technical Drawings /cEME college aRwpbEME a80:p aInformation Sheets (Page-1), Drawings Exercise (Page-13). a Technical Drawings9100330 2ddccBK c185840d185840 00102ddc4070aMCSbMCScGENd2016-12-12o604.2,REApMCS34491r2016-12-08w2016-12-12yBKzAlmirah No.26, Shelf No.2